Europäische Städte mit mehr als 1 mio. Einwohnern - Statistiken

Allgemein
  • Dieses Quiz wurde 251 mal gespielt
  • Das Durchschnittsergebnis liegt bei 20 aus 33
Antwortstatistiken
Einwohner (in Mio.) Stadt % Korrekt
3,7 Berlin
99%
12,4 Moskau
98%
2 Paris
98%
9 London
97%
3,4 Madrid
97%
1,9 Hamburg
95%
1,5 München
94%
2,7 Rom
93%
2 Wien
90%
1,7 Barcelona
89%
1 Köln
89%
15,7 Istanbul
86%
1,8 Warschau
85%
1,3 Mailand
81%
1,7 Budapest
79%
2,9 Kiew
76%
1,7 Bukarest
74%
1,4 Prag
73%
5,3 Sankt Petersburg
67%
1,2 Sofia
55%
1,1 Birmingham
51%
1,1 Belgrad
50%
1,9 Minsk
50%
1 Odessa
25%
1,4 Charkiw
24%
1,2 Kasan
18%
1 Wolgograd
15%
1,2 Nischni Nowgorod
12%
1,1 Samara
11%
1,1 Ufa
11%
1 Perm
9%
1,1 Rostow am Don
5%
1 Woronesch
5%
Keine übereinstimmenden Quizze gefunden
Verteilung der Resultate
Anzahl Personen mit jedem Resultat
Perzentil nach korrekt beantworteten Fragen
Ihre Resultats-Entwicklung
Sie haben dieses Quiz noch nicht gespielt